000 00524nam a22001937a 4500
005 20251112102944.0
008 251112b |||||||| |||| 00| 0 eng d
020 _a979-8-88715-016-1
050 _aSF 488.K86 2023
_bC.1
100 _aKUMAR Ashwani
245 _aHandbook Of Poultry Production
250 _aFirst Edition
260 _aUSA
_bOryson Press
_c2023
300 _aVIII-296P.
500 _aIt has bibliographic Information
650 _aPoultry Production
700 _aKumar Ashwani
942 _2lcc
_cBK
999 _c216168
_d216168